| 000 | 01714cam a2200301 a 4500 | ||
|---|---|---|---|
| 001 | 16710790 | ||
| 005 | 20170105102920.0 | ||
| 008 | 110328s2011 enk b 001 0 eng | ||
| 010 | _a 2011013344 | ||
| 020 | _a9780415491471 (hardback : alk. paper) | ||
| 020 | _a9780415491488 (pbk. : alk. paper) | ||
| 020 | _a9780203803011 (ebook) | ||
| 040 |
_aDLC _cDLC _dDLC |
||
| 042 | _apcc | ||
| 050 | 0 | 0 |
_aPN1661 _b.C364 2011 |
| 082 | 0 | 0 |
_a808.2 _222 |
| 100 | 1 |
_aCastagno, Paul C., _d1950- |
|
| 245 | 1 | 0 |
_aNew playwriting strategies : _blanguage and media in the 21st century / _cPaul C. Castagno. |
| 250 | _a2nd ed. | ||
| 260 |
_aLondon ; _aNew York : _bRoutledge, _c2011. |
||
| 300 |
_axiv, 258 p. ; _c24 cm. |
||
| 504 | _aIncludes bibliographical references (p. [241]-245) and index. | ||
| 505 | 0 | _aIntroduction: beyond the tipping point -- Strategies of language and character. On multivocality and speech genres -- Polyvocality and the ascendancy of the hybrid play -- The theatricality of character -- The transformation of character -- Len Jenkin's dramaturgy of character: from stage figures to archetypes -- Mac Wellman: language-based character -- Crossover poetics: Sarah Ruhl and Suzan Lori-Parks -- Strategies of structure and form. Units and building blocks -- Scenes, acts, and revisions -- Foundations of contemporary monologue -- Dialogic monologue: from structure to antistructure. | |
| 650 | 0 | _aPlaywriting. | |
| 906 |
_a7 _bcbc _corignew _d1 _eecip _f20 _gy-gencatlg |
||
| 942 |
_2ddc _cBK |
||
| 999 |
_c15556 _d15556 |
||